00182nam a2200085Ia 4500008004100000100002000041245001300061942000700074999001500081120527s9999 xx 000 0 und d aStewart, et al  bCalculus cBK c9065d9065